| 000 | 01186nam a2200289 a 4500 | ||
|---|---|---|---|
| 001 | 000002477 | ||
| 003 | DO-SdBNP | ||
| 005 | 20210920110154.0 | ||
| 008 | 090702s1981 dr m 000 0 spa d | ||
| 040 |
_aDO-SdBNP _bspa _cBNPHU |
||
| 082 |
_a344.729301 _bH557d |
||
| 100 | 1 |
_aHernández Quezada, Porfirio _97805 |
|
| 245 | 1 | 3 |
_aEl derecho de huelga : _bestudio comparativo / _cPorfirio Hernández Quezada ; prefacio Gérard Lyon - Caen. |
| 260 |
_aSanto Domingo : _bInstituto de Estudios Superiores, _c1981. |
||
| 300 |
_a140 p. ; _c25 cm. |
||
| 500 | _aIncluye índice. | ||
| 500 | _aIncluye referencias bibliográficas y notas al pie de las páginas. | ||
| 500 | _aPresentado originalmente como tesis para optar por el grado de doctor de la Universidad de Paris - Pantheon Sorbone. | ||
| 590 | _aInventariado,2018/DG | ||
| 650 | 4 |
_aDerecho laboral _xLegislación _zRepública Dominicana _97806 |
|
| 650 | 4 |
_aDerecho laboral _xLegislación _zFrancia _97807 |
|
| 650 | 4 |
_aHuelgas _97808 |
|
| 700 | 1 |
_aLyon-Caen, Gérard, _cpref. _97809 |
|
| 710 | 1 |
_aAcción Pro Educación y Cultura (República Dominicana) _97810 |
|
| 910 | _aValidado. Control de calidad MFF | ||
| 942 |
_2ddc _cLBS1 |
||
| 999 |
_c2313 _d2313 |
||